Historia de la filosofía Siglo Veintiuno (Record no. 154222)
[ view plain ]
| 000 -LEADER | |
|---|---|
| fixed length control field | 01225nam a22002777a 4500 |
| 005 - DATE AND TIME OF LATEST TRANSACTION | |
| control field | 20221013143259.0 |
| 008 - FIXED-LENGTH DATA ELEMENTS--GENERAL INFORMATION | |
| fixed length control field | 221013b sp ||||| |||| 00| 0 spa d |
| 020 ## - INTERNATIONAL STANDARD BOOK NUMBER | |
| International Standard Book Number | 8432301124 (o. c.) |
| 020 ## - INTERNATIONAL STANDARD BOOK NUMBER | |
| International Standard Book Number | 8432301361 (v. 4) |
| 050 04 - LIBRARY OF CONGRESS CALL NUMBER | |
| Classification number | B92 |
| Item number | H57 1974 |
| 240 10 - UNIFORM TITLE | |
| Uniform title | Histoire de la philosophie |
| Language of a work | español |
| 245 00 - TITLE STATEMENT | |
| Title | Historia de la filosofía Siglo Veintiuno |
| Statement of responsibility, etc | / bajo la dirección de Yvon Belaval ; traductores Manuel Pérez Ledesma...[et al.] ; revisión y bibliografía Andrés Sánchez Pascual |
| 246 16 - VARYING FORM OF TITLE | |
| Title proper/short title | Historia de la filosofía Siglo XXI |
| 246 10 - VARYING FORM OF TITLE | |
| Title proper/short title | Historia de la filosofía |
| 250 ## - EDITION STATEMENT | |
| Edition statement | 1a ed. |
| 260 ## - PUBLICATION, DISTRIBUTION, ETC. (IMPRINT) | |
| Place of publication, distribution, etc | Madrid : |
| Name of publisher, distributor, etc | Siglo XXI de España Editores : |
| Place of publication, distribution, etc | México : |
| Name of publisher, distributor, etc | Siglo XXI Editores, |
| Date of publication, distribution, etc | 1974 |
| 300 ## - PHYSICAL DESCRIPTION | |
| Extent | v. ; |
| Dimensions | 18 cm. |
| 500 ## - GENERAL NOTE | |
| General note | Publicado en España y México |
| 504 ## - BIBLIOGRAPHY, ETC. NOTE | |
| Bibliography, etc | Incluye bibliografía e índice |
| 505 1# - FORMATTED CONTENTS NOTE | |
| Title | V. 5 La filosofía del Renacimiento |
| Statement of responsibility | / bajo la dirección de Yvon Belaval ; traductores Manuel Pérez Ledesma...[et al.] ; revisión y bibliografía Andrés Sánchez Pascual |
| 650 #7 - SUBJECT ADDED ENTRY--TOPICAL TERM | |
| Source of heading or term | lemb |
| Topical term or geographic name as entry element | Filosofía |
| General subdivision | Historia |
| 700 1# - ADDED ENTRY--PERSONAL NAME | |
| Personal name | Belaval, Yvon |
| Relator term | director |
| 700 1# - ADDED ENTRY--PERSONAL NAME | |
| Personal name | Pérez Ledesma, Manuel |
| Relator term | traductor |
| 700 1# - ADDED ENTRY--PERSONAL NAME | |
| Personal name | Sánchez Pascual, Andrés |
| Relator term | revisor |
| 942 ## - ADDED ENTRY ELEMENTS (KOHA) | |
| Source of classification or shelving scheme | Biblioteca del Cogreso de los Estados Unidos |
| Koha item type | Libro |
| Estado de pérdida | Fuente de clasificación | Estado del daño | No para préstamo | Ubicación permanente | Ubicación actual | Apartado o colección | Fecha de adquisición | Edición | Enumeración de Serie / Cronológica | Área del conocimiento | Total Checkouts | Clasificación | Código de Barras | Date last seen | Número de copia | Costo por reposición | Tipo de recurso |
|---|---|---|---|---|---|---|---|---|---|---|---|---|---|---|---|---|---|
| Biblioteca del Cogreso de los Estados Unidos | Biblioteca de la Preparatoria Melchor Ocampo | Biblioteca de la Preparatoria Melchor Ocampo | General | 13/10/2022 | 1a ed. | V : 5 | Educación y Humanidades | B92 H57 1974 | PMO000000963 | 13/10/2022 | 1 | 1.00 | Libro |